000
00192 a2200097 4500
001
9041
100
_a
McMordie, W
245
_a
English idioms.
260
_a
_b
Oxford
_c
090
_c
7223
_d
7223
942
_a
NUST-CAE
_c
M
_c
33849
999
_c
244114
_d
244114